Softvérová podpora plánovania podnikových zdrojov (ERP)
Uplatňovanie integrovaných informačných systémov ERP (enterprise resource planning). ERP sa skladá z niekoľkých častí. Obvykle obsahuje systémy na podporu predaja a marketingu, výroby, financií, účtovníctva a riadenia ľudských zdrojov. Analýza využívania ERP v slovenskej podnikovej praxi.Výskum sa u...
Salvato in:
| Autore principale: | |
|---|---|
| Natura: | Capitolo di libro |
| Lingua: | slovacco |
| Soggetti: | |
| Tags: |
Nessun Tag, puoi essere il primo ad aggiungerne!!
|
MARC
| LEADER | 00000naa$a2200000$$$4500 | ||
|---|---|---|---|
| 001 | 0003590 | ||
| 005 | 20231002121821.3 | ||
| 041 | 0 | |a slo | |
| 044 | |a SK | ||
| 245 | 1 | 0 | |a Softvérová podpora plánovania podnikových zdrojov (ERP) |c aut. František Sudzina |
| 520 | |a Uplatňovanie integrovaných informačných systémov ERP (enterprise resource planning). ERP sa skladá z niekoľkých častí. Obvykle obsahuje systémy na podporu predaja a marketingu, výroby, financií, účtovníctva a riadenia ľudských zdrojov. Analýza využívania ERP v slovenskej podnikovej praxi.Výskum sa uskutočnil na vzorke 236 podnikov s cieľom zistiť podiel využívania jednotlivých systémov ERP v rôzne veľkých podnikoch. | ||
| 610 | 2 | 0 | |a zdroje podnikové |
| 610 | 2 | 0 | |a plánovanie podnikové |
| 610 | 2 | 0 | |a systémy informačné integrované |
| 610 | 2 | 0 | |a produkty softvérové |
| 610 | 2 | 0 | |a podnik |
| 610 | 2 | 0 | |a Slovensko |
| 610 | 2 | 0 | |a výskum |
| 100 | 1 | |a Sudzina, František | |